| 000 | 01061cam a22002651i 4500 | ||
|---|---|---|---|
| 001 | 4594314 | ||
| 003 | OSt | ||
| 005 | 20210614133245.0 | ||
| 008 | 790925s1973 sp b 000 0 spa | ||
| 040 | _cCAAAP | ||
| 050 | 0 | 0 |
_aH 35 _b.T |
| 245 | 0 | 0 | _aTres ensayos sobre América Latina. |
| 260 |
_aBarcelona : _bEditorial Anagrama, _c[1973?] |
||
| 300 |
_a135 p. ; _c18 cm. |
||
| 490 | 0 | _aCuadernos Anagrama ; 63 : Serie Sociología y antropología | |
| 505 | 0 | _aStavenhagen, R. Siete tesis equivocadas sobre América Latina.--Laclau, E. Feudalismo y capitalismo en América Latina.--Mauro Marini, R. Dialéctica de la dependencia. | |
| 650 | 0 |
_9253 _aCondiciones Económicas |
|
| 650 | 0 |
_9616 _aComercio |
|
| 650 | 0 |
_9252 _aCondiciones Sociales |
|
| 651 | 0 |
_aAmérica Latina _973 |
|
| 700 | 1 | 2 |
_aStavenhagen, Rodolfo. _tSiete tesis equivocadas sobre América Latina. _93315 |
| 700 | 1 | 2 |
_aLaclau, Ernesto, _d1935-2014. _tFeudalismo y capitalismo en América Latina. _93314 |
| 700 | 1 | 2 |
_aMarini, Ruy Mauro. _tDialéctica de la dependencia. _93313 |
| 942 |
_2lcc _cBK |
||
| 999 |
_c1641 _d1641 |
||